00337nam a2200133Ia 4500008004100000082001500041100001500056245002900071250000600100260003100106300000800137630002900145730002900174100122s9999 xx 000 0 und d b20998a823 aBENJAMIN P a"QUICK, BEFORE IT MELTS" a0 bVICTOR GOLLANCZ LTDc1964 a247 a"QUICK, BEFORE IT MELTS" a"QUICK, BEFORE IT MELTS"